000
00342 a2200157 4500
001
126834
020
_a
9782014015522
040
_c
Escola Canadense de Niteroi
100
_a
Marie-José Lopes
245
1
0
_a
Totem 3 : méthode de français B1
300
_b
il.
362
0
_a
2014
490
0
_a
Totem
650
4
_a
Francês
942
_c
BK
999
_c
126834
_d
126834